000 00704nab a22001817a 4500
003 BPK
005 20160304085416.0
008 160304b1972 pl ||||| |||| 00| ||pol
040 _cBPK
080 _a69
100 _aMARCINKOWSKI, Stefan.
_d1969 - 1992.
_bWyższa Szkoła Inżynierska w Koszalinie - Wydział Budownictwa Lądowego,
_cZespół Technologii Materiałów i Elementów Budowlanych
245 _aRozwój zaplecza naukowo-badawczego a postęp naukowo-techniczny w budownictwie /
_cStefan Marcinkowski.
260 _c1972.
500 _aDane z kartoteki bpp.
650 0 _aBudownictwo.
773 _iW :
_tInformacja Bieżąca OITE Koszalin. -
_g1972, nr 1-2, s. 3
942 _cART
_2UKD
999 _c7463
_d7463